| 000 | 00576nam a22002177a 4500 | ||
|---|---|---|---|
| 003 | ASAB | ||
| 005 | 20170105103440.0 | ||
| 008 | 120307t xxu||||| |||| 00| 0 eng d | ||
| 020 | _a9780716799023 | ||
| 040 |
_aASAB _cASAB |
||
| 050 | _a576.5 | ||
| 100 |
_aAnthony J F .Griffiths _945 |
||
| 245 |
_aIntroduction to Genetic Analysis _cAnthony J F .Griffiths |
||
| 250 | _a9 th | ||
| 260 |
_aNew York _bFreeman Company |
||
| 300 | _a838 p. | ||
| 440 |
_aIntroduction to Genetic Analysis _946 |
||
| 600 |
_aF. Griffths _947 |
||
| 650 |
_aGenetic _948 |
||
| 942 |
_2ddc _cBK _k576.5 |
||
| 999 |
_c16444 _d16444 |
||